| 000 | 00504nam a2200193Ia 4500 | ||
|---|---|---|---|
| 008 | 170918s9999 xx 000 0 und d | ||
| 020 | _a9789715185752 | ||
| 050 | _bD886 2011 | ||
| 100 | _aDumas, Alexandre | ||
| 245 | 4 | _aThe man in the iron mask / | |
| 245 | _cby Alexandre Dumas. | ||
| 260 | _aPhilippines : | ||
| 260 | _bLampara Books, | ||
| 260 | _c2011 | ||
| 300 | _a128 pages : | ||
| 300 | _bsome colored illustrations ; | ||
| 300 | _c19cm. | ||
| 300 | _eIllustrated classics collection. | ||
| 999 |
_c343492 _d343492 |
||